[Event "Chelyabinsk"]
[Site "?"]
[Date "2019.01.15"]
[Round "4.1"]
[White "Gutenev, Alexander"]
[Black "Slizhevsky, Alexander"]
[Result "1/2-1/2"]
[BlackElo "2428"]
[WhiteElo "2456"]
[LiveChessVersion "1.4.8"]

1. e4 {[%clk 1:23:46]} c5 {[%clk 1:30:39]} 2. Nc3 {[%clk 1:23:58]} a6
{[%clk 1:28:16]} 3. Nf3 {[%clk 1:22:55]} d6 {[%clk 1:28:17]} 4. d4
{[%clk 1:23:04]} cxd4 {[%clk 1:28:26]} 5. Nxd4 {[%clk 1:23:29]} Nf6
{[%clk 1:28:46]} 6. h3 {[%clk 1:23:35]} e5 {[%clk 1:28:32]} 7. Nb3
{[%clk 1:23:45]} Be6 {[%clk 1:25:06]} 8. f4 {[%clk 1:23:15]} g6 {[%clk 1:24:36]}
9. Qf3 {[%clk 1:07:20]} exf4 {[%clk 1:21:34]} 10. Bxf4 {[%clk 1:05:02]} Nh5
{[%clk 1:20:19]} 11. Be3 {[%clk 1:03:12]} Nc6 {[%clk 1:14:05]} 12. O-O-O
{[%clk 0:59:55]} Qf6 {[%clk 1:02:58]} 13. Be2 {[%clk 0:45:32]} Ne5
{[%clk 0:43:51]} 14. Qxf6 {[%clk 0:44:32]} Nxf6 {[%clk 0:44:16]} 15. Bg5
{[%clk 0:41:21]} Be7 {[%clk 0:31:22]} 16. Bxf6 {[%clk 0:34:42]} Bxf6
{[%clk 0:31:47]} 17. Rxd6 {[%clk 0:34:54]} Be7 {[%clk 0:26:12]} 18. Rdd1
{[%clk 0:30:46]} Rc8 {[%clk 0:17:13]} 19. Nd5 {[%clk 0:28:00]} Bd8
{[%clk 0:15:45]} 20. Nd4 {[%clk 0:26:17]} O-O {[%clk 0:15:49]} 21. Rhf1
{[%clk 0:22:37]} Kg7 {[%clk 0:15:12]} 22. Nxe6+ {[%clk 0:19:50]} fxe6
{[%clk 0:15:37]} 23. Nf4 {[%clk 0:16:34]} Bg5 {[%clk 0:09:40]} 24. g3
{[%clk 0:16:50]} Rf6 {[%clk 0:09:42]} 25. Kb1 {[%clk 0:14:23]} Rcf8
{[%clk 0:09:42]} 26. Nd3 {[%clk 0:11:03]} Rxf1 {[%clk 0:09:50]} 27. Rxf1
{[%clk 0:10:46]} Rxf1+ {[%clk 0:09:13]} 28. Bxf1 {[%clk 0:11:12]} Nxd3
{[%clk 0:08:09]} 29. Bxd3 {[%clk 0:11:05]} Kf6 {[%clk 0:07:02]} 30. c3
{[%clk 0:11:08]} Bd2 {[%clk 0:06:10]} 31. Kc2 {[%clk 0:11:14]} Be1
{[%clk 0:06:36]} 32. g4 {[%clk 0:11:32]} Ke5 {[%clk 0:06:32]} 33. Bc4
{[%clk 0:10:08]} h5 {[%clk 0:06:41]} 34. gxh5 {[%clk 0:10:27]} gxh5
{[%clk 0:07:09]} 35. Kd3 {[%clk 0:10:36]} h4 {[%clk 0:07:20]} 36. b4
{[%clk 0:10:57]} b5 {[%clk 0:04:34]} 37. Bb3 {[%clk 0:11:20]} Kd6
{[%clk 0:04:58]} 38. a4 {[%clk 0:11:32]} e5 {[%clk 0:05:08]} 39. a5
{[%clk 0:11:05]} Kc7 {[%clk 0:05:20]} 40. Bd5 {[%clk 0:11:28]} Kb8
{[%clk 0:05:36]} 41. Kc2 {[%clk 0:11:54]} Ka7 {[%clk 0:05:37]} 42. Kb3
{[%clk 0:12:15]} Bd2 {[%clk 0:05:58]} 43. Be6 {[%clk 0:12:42]} Kb7
{[%clk 0:06:22]} 44. c4 {[%clk 0:13:04]} bxc4+ {[%clk 0:06:43]} 45. Kxc4
{[%clk 0:13:30]} Be1 {[%clk 0:06:17]} 46. Bd5+ {[%clk 0:13:40]} Kc7
{[%clk 0:06:22]} 47. Ba8 {[%clk 0:13:53]} Bd2 {[%clk 0:06:45]} 48. Kc5
{[%clk 0:13:55]} Bc3 {[%clk 0:07:04]} 49. Bd5 {[%clk 0:13:50]} Bd2
{[%clk 0:07:17]} 50. Bc4 {[%clk 0:13:38]} Kb7 {[%clk 0:07:41]} 1/2-1/2

[Event "Chelyabinsk"]
[Site "?"]
[Date "2019.01.15"]
[Round "4.2"]
[White "Sivuk, Vitaly"]
[Black "Tosic, Miroslav"]
[Result "1-0"]
[BlackElo "2360"]
[WhiteElo "2552"]
[LiveChessVersion "1.4.8"]

1. e4 {[%clk 1:29:01]} c5 {[%clk 1:30:19]} 2. Nf3 {[%clk 1:29:24]} Nc6
{[%clk 1:30:44]} 3. d4 {[%clk 1:29:46]} cxd4 4. Nxd4 {[%clk 1:30:12]} e6
{[%clk 1:31:31]} 5. Nc3 {[%clk 1:30:33]} d6 {[%clk 1:31:37]} 6. g4
{[%clk 1:30:49]} a6 {[%clk 1:30:21]} 7. Be3 {[%clk 1:30:55]} Nge7
{[%clk 1:29:56]} 8. Nb3 {[%clk 1:31:13]} b5 {[%clk 1:29:47]} 9. f4
{[%clk 1:30:53]} Bb7 {[%clk 1:29:54]} 10. Qd2 {[%clk 1:30:00]} Nc8
{[%clk 1:21:36]} 11. O-O-O {[%clk 1:29:30]} Be7 {[%clk 1:20:24]} 12. Qf2
{[%clk 1:28:48]} Qc7 {[%clk 1:09:50]} 13. Bg2 {[%clk 1:25:07]} Na5
{[%clk 1:05:18]} 14. Nxa5 {[%clk 1:23:49]} Qxa5 {[%clk 1:05:42]} 15. e5
{[%clk 1:22:53]} Rb8 {[%clk 1:03:12]} 16. exd6 {[%clk 1:21:33]} Bxd6
{[%clk 1:03:01]} 17. Rxd6 {[%clk 1:19:12]} Bxg2 {[%clk 1:02:43]} 18. Qxg2
{[%clk 1:19:10]} Nxd6 {[%clk 1:01:55]} 19. Qc6+ {[%clk 1:19:35]} Ke7
{[%clk 1:01:04]} 20. Bc5 {[%clk 1:19:56]} Rhd8 {[%clk 1:00:44]} 21. Rd1
{[%clk 1:18:56]} 1-0

[Event "Chelyabinsk"]
[Site "?"]
[Date "2019.01.15"]
[Round "4.3"]
[White "Bezgodov, Alexei"]
[Black "Drygalov, Sergey"]
[Result "1-0"]
[BlackElo "2442"]
[WhiteElo "2441"]
[LiveChessVersion "1.4.8"]

1. e4 {[%clk 1:30:55]} c5 {[%clk 1:30:57]} 2. Nf3 {[%clk 1:31:07]} d6
{[%clk 1:31:24]} 3. d4 {[%clk 1:31:18]} cxd4 {[%clk 1:31:50]} 4. Nxd4
{[%clk 1:31:42]} Nf6 {[%clk 1:32:18]} 5. Nc3 {[%clk 1:32:00]} a6 {[%clk 1:32:44]}
6. Bc4 {[%clk 1:32:16]} e6 {[%clk 1:33:09]} 7. a3 {[%clk 1:32:40]} Be7
{[%clk 1:29:16]} 8. Ba2 {[%clk 1:32:47]} O-O {[%clk 1:25:41]} 9. g4
{[%clk 1:30:00]} d5 {[%clk 1:24:08]} 10. exd5 {[%clk 1:29:57]} Nxd5
{[%clk 1:23:26]} 11. Nxd5 {[%clk 1:22:46]} exd5 {[%clk 1:23:52]} 12. Nf5
{[%clk 1:08:31]} Bxf5 {[%clk 1:16:44]} 13. gxf5 {[%clk 1:08:51]} Bc5
{[%clk 1:04:18]} 14. O-O {[%clk 0:52:36]} Nc6 {[%clk 0:55:06]} 15. Qxd5
{[%clk 0:48:59]} Qh4 {[%clk 0:48:13]} 16. Kh1 {[%clk 0:45:43]} Rae8
{[%clk 0:36:03]} 17. Qg2 {[%clk 0:42:38]} Nd4 {[%clk 0:30:32]} 18. Bg5
{[%clk 0:36:12]} Qh5 {[%clk 0:30:16]} 19. Rad1 {[%clk 0:26:18]} Kh8
{[%clk 0:23:58]} 20. Be3 {[%clk 0:24:28]} Rxe3 {[%clk 0:11:47]} 21. fxe3
{[%clk 0:24:46]} Nc6 {[%clk 0:12:13]} 22. f6 {[%clk 0:19:37]} g5 {[%clk 0:12:39]}
23. Rd5 {[%clk 0:18:05]} Bxe3 {[%clk 0:13:00]} 24. Qf3 {[%clk 0:18:12]} Qxf3+
{[%clk 0:13:28]} 25. Rxf3 {[%clk 0:18:41]} Bf4 {[%clk 0:13:57]} 26. Rb3
{[%clk 0:15:40]} h6 {[%clk 0:11:52]} 27. Rxb7 {[%clk 0:15:59]} Kh7
{[%clk 0:12:05]} 28. Rc5 {[%clk 0:15:31]} Ne5 {[%clk 0:11:35]} 29. Re7
{[%clk 0:15:41]} Ng4 {[%clk 0:11:25]} 30. Rxf7+ {[%clk 0:15:44]} Rxf7
{[%clk 0:11:51]} 31. Bxf7 {[%clk 0:16:11]} Nxf6 {[%clk 0:12:12]} 32. Bc4
{[%clk 0:14:17]} h5 {[%clk 0:12:39]} 33. Bxa6 {[%clk 0:14:31]} Bc1
{[%clk 0:12:50]} 34. a4 {[%clk 0:14:15]} g4 {[%clk 0:13:14]} 35. a5
{[%clk 0:13:49]} 1-0

[Event "Chelyabinsk"]
[Site "?"]
[Date "2019.01.15"]
[Round "4.4"]
[White "Korneev, Oleg"]
[Black "Drygalov, Andrey"]
[Result "1/2-1/2"]
[BlackElo "2485"]
[WhiteElo "2545"]
[LiveChessVersion "1.4.8"]

1. e4 {[%clk 1:22:13]} c5 {[%clk 1:30:53]} 2. Nf3 {[%clk 1:22:41]} d6
{[%clk 1:31:18]} 3. d4 {[%clk 1:23:09]} cxd4 {[%clk 1:31:44]} 4. Nxd4
{[%clk 1:23:37]} Nf6 {[%clk 1:32:05]} 5. Nc3 {[%clk 1:24:04]} a6 {[%clk 1:32:32]}
6. Be3 {[%clk 1:24:31]} e5 {[%clk 1:32:56]} 7. Nf3 {[%clk 1:24:11]} Be7
{[%clk 1:33:23]} 8. Bc4 {[%clk 1:24:37]} O-O {[%clk 1:33:49]} 9. O-O
{[%clk 1:25:04]} Be6 {[%clk 1:34:14]} 10. Qe2 {[%clk 1:25:21]} b5
{[%clk 1:33:37]} 11. Bb3 {[%clk 1:19:33]} Qc7 {[%clk 1:33:58]} 12. Rfd1
{[%clk 1:19:40]} Nc6 {[%clk 1:33:21]} 13. Bg5 {[%clk 0:56:06]} Na5
{[%clk 1:15:50]} 14. Bxf6 {[%clk 0:55:42]} Bxf6 {[%clk 1:16:11]} 15. Nd5
{[%clk 0:55:49]} Bxd5 {[%clk 1:16:37]} 16. Bxd5 {[%clk 0:54:06]} Rab8
{[%clk 1:15:57]} 17. c3 {[%clk 0:53:38]} Nc4 {[%clk 1:08:48]} 18. g3
{[%clk 0:47:08]} Nb6 {[%clk 1:08:53]} 19. h4 {[%clk 0:45:20]} Be7
{[%clk 1:06:18]} 20. Nh2 {[%clk 0:40:39]} Nxd5 {[%clk 1:03:54]} 21. Rxd5
{[%clk 0:41:06]} f5 {[%clk 1:02:08]} 22. exf5 {[%clk 0:41:30]} Rxf5
{[%clk 1:02:20]} 23. Ng4 {[%clk 0:41:47]} Rbf8 {[%clk 1:01:24]} 24. Rf1
{[%clk 0:42:11]} Qc8 {[%clk 0:50:22]} 25. Kg2 {[%clk 0:21:53]} Qa8
{[%clk 0:49:21]} 26. Ne3 {[%clk 0:19:38]} 1/2-1/2

[Event "Chelyabinsk"]
[Site "?"]
[Date "2019.01.15"]
[Round "4.5"]
[White "Simantsev, Mikhail"]
[Black "Khanin, Semen"]
[Result "1-0"]
[BlackElo "2514"]
[WhiteElo "2401"]
[LiveChessVersion "1.4.8"]

1. d4 {[%clk 1:27:20]} Nf6 {[%clk 1:30:55]} 2. c4 {[%clk 1:27:23]} e6
{[%clk 1:31:21]} 3. Nf3 {[%clk 1:27:15]} Bb4+ {[%clk 1:31:43]} 4. Nbd2
{[%clk 1:27:27]} O-O {[%clk 1:32:06]} 5. a3 {[%clk 1:26:27]} Be7 {[%clk 1:32:31]}
6. e3 {[%clk 1:22:43]} c5 {[%clk 1:32:02]} 7. Bd3 {[%clk 1:17:07]} b6
{[%clk 1:32:23]} 8. d5 {[%clk 1:09:05]} exd5 {[%clk 1:04:31]} 9. cxd5
{[%clk 1:06:34]} b5 {[%clk 1:04:37]} 10. e4 {[%clk 0:59:53]} c4 {[%clk 1:04:16]}
11. Bc2 {[%clk 0:56:16]} d6 {[%clk 1:02:39]} 12. O-O {[%clk 0:54:43]} Ba6
{[%clk 0:56:50]} 13. Nd4 {[%clk 0:44:47]} Re8 {[%clk 0:49:19]} 14. Re1
{[%clk 0:38:31]} Bf8 {[%clk 0:41:42]} 15. N2f3 {[%clk 0:35:30]} g6
{[%clk 0:40:21]} 16. Bg5 {[%clk 0:28:25]} Bg7 {[%clk 0:35:07]} 17. Qd2
{[%clk 0:23:15]} Qb6 {[%clk 0:34:09]} 18. b4 {[%clk 0:12:22]} cxb3
{[%clk 0:29:53]} 19. Nxb3 {[%clk 0:12:30]} Nbd7 {[%clk 0:30:07]} 20. Be3
{[%clk 0:10:51]} Qc7 {[%clk 0:25:59]} 21. Rac1 {[%clk 0:09:41]} Nb6
{[%clk 0:25:56]} 22. Qa5 {[%clk 0:07:41]} Qb7 {[%clk 0:25:10]} 23. Nbd2
{[%clk 0:06:40]} Rac8 {[%clk 0:19:53]} 24. Bd3 {[%clk 0:06:57]} Rxc1
{[%clk 0:19:19]} 25. Rxc1 {[%clk 0:07:26]} Nc4 {[%clk 0:19:14]} 26. Nxc4
{[%clk 0:04:40]} bxc4 {[%clk 0:19:38]} 27. Bxc4 {[%clk 0:05:01]} Bxc4
{[%clk 0:19:39]} 28. Rxc4 {[%clk 0:05:30]} Qb1+ {[%clk 0:16:55]} 29. Rc1
{[%clk 0:04:17]} Qxe4 {[%clk 0:17:11]} 30. Bxa7 {[%clk 0:04:18]} Ra8
{[%clk 0:14:10]} 31. Qc7 {[%clk 0:04:10]} Qxd5 {[%clk 0:09:43]} 32. Bd4
{[%clk 0:04:11]} Ne4 {[%clk 0:08:28]} 33. Bxg7 {[%clk 0:04:16]} Kxg7
{[%clk 0:08:53]} 34. Qc2 {[%clk 0:02:02]} Rxa3 {[%clk 0:07:48]} 35. Qb2+
{[%clk 0:02:00]} Rc3 {[%clk 0:07:48]} 36. Re1 {[%clk 0:02:15]} Qb3
{[%clk 0:03:08]} 37. Qxb3 {[%clk 0:02:30]} Rxb3 {[%clk 0:03:35]} 38. Rxe4
{[%clk 0:02:56]} d5 {[%clk 0:04:03]} 39. Re3 {[%clk 0:02:30]} Rb2
{[%clk 0:04:16]} 40. h4 {[%clk 0:02:11]} h6 {[%clk 0:04:35]} 41. Re5
{[%clk 0:00:58]} Rb1+ {[%clk 0:04:52]} 42. Kh2 {[%clk 0:01:00]} Rd1
{[%clk 0:05:17]} 43. g4 {[%clk 0:01:20]} Kf6 {[%clk 0:03:34]} 44. Kg3
{[%clk 0:00:44]} Rd3 {[%clk 0:03:27]} 45. g5+ {[%clk 0:01:00]} hxg5
{[%clk 0:03:52]} 46. hxg5+ {[%clk 0:01:27]} Kg7 {[%clk 0:04:20]} 47. Kf4
{[%clk 0:01:37]} Kf8 {[%clk 0:04:20]} 48. Nh2 {[%clk 0:01:16]} Rd4+
{[%clk 0:04:27]} 49. Kg3 {[%clk 0:01:26]} Rd3+ {[%clk 0:04:27]} 50. f3
{[%clk 0:01:47]} Ra3 {[%clk 0:04:19]} 51. Rxd5 {[%clk 0:02:00]} Ke7
{[%clk 0:04:45]} 52. Ng4 {[%clk 0:02:19]} Ra7 {[%clk 0:05:08]} 53. Re5+
{[%clk 0:02:39]} Kd6 {[%clk 0:05:33]} 54. Re3 {[%clk 0:02:12]} Rb7
{[%clk 0:05:50]} 55. Nh6 {[%clk 0:02:25]} Ra7 {[%clk 0:06:06]} 56. f4
{[%clk 0:02:41]} Kd5 {[%clk 0:06:21]} 57. Kg4 {[%clk 0:02:57]} Rb7
{[%clk 0:06:48]} 58. Re8 {[%clk 0:02:43]} Ra7 {[%clk 0:07:11]} 59. Re1
{[%clk 0:01:54]} Rb7 {[%clk 0:07:37]} 60. Ra1 {[%clk 0:01:18]} Ke6
{[%clk 0:07:51]} 61. Ra4 {[%clk 0:01:01]} Ke7 {[%clk 0:08:07]} 62. f5
{[%clk 0:01:17]} gxf5+ {[%clk 0:08:30]} 63. Nxf5+ {[%clk 0:01:42]} Ke6
{[%clk 0:08:32]} 64. Re4+ {[%clk 0:01:39]} Kd5 {[%clk 0:08:57]} 65. Re7
{[%clk 0:01:50]} Rxe7 {[%clk 0:08:40]} 66. Nxe7+ {[%clk 0:02:15]} Ke6
{[%clk 0:09:00]} 67. Nf5 {[%clk 0:02:11]} Kd5 1-0

[Event "Chelyabinsk"]
[Site "?"]
[Date "2019.01.15"]
[Round "4.6"]
[White "Tologontegin, Semetey"]
[Black "Ponomariov, Valeriy"]
[Result "1-0"]
[BlackElo "2378"]
[WhiteElo "2385"]
[LiveChessVersion "1.4.8"]

1. Nf3 {[%clk 1:30:57]} d5 {[%clk 1:30:50]} 2. e3 {[%clk 1:29:18]} Nf6
{[%clk 1:30:17]} 3. c4 {[%clk 1:29:40]} e6 {[%clk 1:30:27]} 4. b3
{[%clk 1:29:59]} b6 {[%clk 1:28:02]} 5. Bb2 {[%clk 1:28:57]} Bb7 {[%clk 1:27:11]}
6. cxd5 {[%clk 1:26:51]} exd5 {[%clk 1:27:05]} 7. d4 {[%clk 1:25:23]} Bd6
{[%clk 1:25:09]} 8. Nbd2 {[%clk 1:19:23]} O-O {[%clk 1:20:33]} 9. Ne5
{[%clk 1:16:05]} a5 {[%clk 1:06:51]} 10. Be2 {[%clk 1:12:02]} Qe7
{[%clk 1:02:20]} 11. O-O {[%clk 1:10:12]} Nfd7 {[%clk 0:47:54]} 12. Nd3
{[%clk 1:08:39]} Na6 {[%clk 0:46:49]} 13. a4 {[%clk 0:52:15]} Nb4
{[%clk 0:40:47]} 14. Nxb4 {[%clk 0:50:48]} Bxb4 {[%clk 0:40:48]} 15. Rc1
{[%clk 0:50:43]} Bd6 {[%clk 0:40:48]} 16. Re1 {[%clk 0:33:50]} Nf6
{[%clk 0:38:26]} 17. Bd3 {[%clk 0:33:12]} Ne4 {[%clk 0:36:28]} 18. Nf1
{[%clk 0:12:22]} Rad8 {[%clk 0:31:15]} 19. f3 {[%clk 0:12:24]} Ng5
{[%clk 0:28:24]} 20. Re2 {[%clk 0:12:26]} f5 {[%clk 0:27:08]} 21. Bc3
{[%clk 0:12:36]} Qf6 {[%clk 0:26:00]} 22. Be1 {[%clk 0:08:44]} Kh8
{[%clk 0:22:48]} 23. Bf2 {[%clk 0:07:37]} Ne6 {[%clk 0:18:32]} 24. Kh1
{[%clk 0:03:39]} Qh6 {[%clk 0:17:37]} 25. Qc2 {[%clk 0:02:57]} Qf6
{[%clk 0:15:31]} 26. Rd1 {[%clk 0:03:23]} c5 {[%clk 0:13:58]} 27. Qb1
{[%clk 0:02:33]} cxd4 {[%clk 0:13:48]} 28. exd4 {[%clk 0:03:01]} Nf4
{[%clk 0:14:05]} 29. Ree1 {[%clk 0:02:57]} Rc8 {[%clk 0:06:10]} 30. Bb5
{[%clk 0:02:55]} Bb4 {[%clk 0:05:17]} 31. Re3 {[%clk 0:02:55]} Ng6
{[%clk 0:05:01]} 32. Be1 {[%clk 0:02:37]} Qd6 {[%clk 0:03:38]} 33. Bxb4
{[%clk 0:02:53]} Qxb4 {[%clk 0:04:06]} 34. Bd7 {[%clk 0:03:13]} Rc3
{[%clk 0:03:22]} 35. Rxc3 {[%clk 0:03:33]} Qxc3 {[%clk 0:03:50]} 36. Bxf5
{[%clk 0:03:42]} Nf4 {[%clk 0:03:42]} 37. Qc2 {[%clk 0:01:19]} Qxc2
{[%clk 0:03:17]} 38. Bxc2 {[%clk 0:01:45]} Kg8 {[%clk 0:02:32]} 39. g3
{[%clk 0:02:03]} Ne6 {[%clk 0:02:58]} 40. Kg2 {[%clk 0:02:19]} Ng5
{[%clk 0:02:03]} 41. Nd2 {[%clk 0:00:52]} Re8 {[%clk 0:01:35]} 42. Bd3
{[%clk 0:00:51]} Ne6 {[%clk 0:01:09]} 43. Bb5 {[%clk 0:01:03]} Re7
{[%clk 0:01:35]} 44. Nf1 {[%clk 0:00:47]} Rc7 {[%clk 0:01:51]} 45. Rd3
{[%clk 0:01:02]} Rc2+ {[%clk 0:02:03]} 46. Nd2 {[%clk 0:00:47]} Nc7
{[%clk 0:02:27]} 47. Kf2 {[%clk 0:00:45]} Bc8 {[%clk 0:01:11]} 48. Ke1
{[%clk 0:00:54]} Nxb5 {[%clk 0:01:29]} 49. axb5 {[%clk 0:01:23]} Bd7
{[%clk 0:01:25]} 50. Kd1 {[%clk 0:01:50]} Rc8 {[%clk 0:00:40]} 51. Re3
{[%clk 0:01:30]} Re8 {[%clk 0:00:46]} 52. Re5 {[%clk 0:01:29]} Rxe5
{[%clk 0:01:08]} 53. dxe5 {[%clk 0:01:57]} Bxb5 {[%clk 0:01:31]} 54. f4
{[%clk 0:02:24]} Bd7 {[%clk 0:01:10]} 55. Kc2 {[%clk 0:02:26]} b5
{[%clk 0:01:01]} 56. Nf3 {[%clk 0:02:39]} Kf7 {[%clk 0:00:43]} 57. Nd4
{[%clk 0:02:08]} g6 {[%clk 0:01:10]} 58. b4 {[%clk 0:01:41]} a4 {[%clk 0:01:34]}
59. Kc3 {[%clk 0:02:07]} Ke7 {[%clk 0:01:30]} 60. Nc2 {[%clk 0:01:21]} Bh3
{[%clk 0:01:31]} 61. Kd4 {[%clk 0:01:09]} Ke6 {[%clk 0:01:30]} 62. Na3
{[%clk 0:00:44]} Bf1 {[%clk 0:01:58]} 63. Kc5 {[%clk 0:00:40]} Bd3
{[%clk 0:01:18]} 64. Kd4 {[%clk 0:01:07]} Bf1 {[%clk 0:01:46]} 65. Nc2
{[%clk 0:01:29]} Bc4 {[%clk 0:00:41]} 66. Kc3 {[%clk 0:01:48]} Bf1
{[%clk 0:00:38]} 67. g4 {[%clk 0:01:29]} Kd7 {[%clk 0:00:35]} 68. Nd4
{[%clk 0:01:03]} Bh3 {[%clk 0:00:40]} 69. Nxb5 {[%clk 0:01:05]} Bxg4
{[%clk 0:01:06]} 70. Nd4 {[%clk 0:01:23]} Kc7 {[%clk 0:00:54]} 71. b5
{[%clk 0:01:20]} Kb6 {[%clk 0:00:49]} 72. Kb4 {[%clk 0:01:46]} Bd7
{[%clk 0:00:37]} 73. Kxa4 {[%clk 0:01:50]} Kc5 {[%clk 0:01:05]} 74. e6
{[%clk 0:02:06]} Be8 {[%clk 0:01:28]} 75. Ka5 {[%clk 0:02:20]} 1-0

[Event "Chelyabinsk"]
[Site "?"]
[Date "2019.01.15"]
[Round "4.7"]
[White "Sitnikov, Anton"]
[Black "Mischuk, Dmitry"]
[Result "1-0"]
[BlackElo "2357"]
[WhiteElo "2410"]
[LiveChessVersion "1.4.8"]

1. e4 {[%clk 1:30:48]} e5 {[%clk 1:29:38]} 2. Nf3 {[%clk 1:31:02]} Nf6
{[%clk 1:30:02]} 3. d3 {[%clk 1:31:25]} Nc6 {[%clk 1:30:24]} 4. Be2
{[%clk 1:31:42]} d5 {[%clk 1:28:50]} 5. Nbd2 {[%clk 1:31:31]} g6 {[%clk 1:26:07]}
6. c3 {[%clk 1:31:05]} Bg7 {[%clk 1:25:27]} 7. b4 {[%clk 1:30:41]} a6
{[%clk 1:25:15]} 8. O-O {[%clk 1:30:10]} O-O {[%clk 1:25:04]} 9. Re1
{[%clk 1:27:40]} Re8 {[%clk 1:22:54]} 10. a4 {[%clk 1:23:59]} Bg4
{[%clk 1:15:44]} 11. Qc2 {[%clk 0:55:23]} h6 {[%clk 1:08:40]} 12. Nb3
{[%clk 0:50:26]} Nh5 {[%clk 0:51:36]} 13. h3 {[%clk 0:42:07]} Bc8
{[%clk 0:49:58]} 14. exd5 {[%clk 0:30:52]} Qxd5 {[%clk 0:48:30]} 15. Bf1
{[%clk 0:27:43]} b6 {[%clk 0:42:51]} 16. a5 {[%clk 0:16:25]} Be6 {[%clk 0:39:49]}
17. Ra3 {[%clk 0:16:45]} Red8 {[%clk 0:21:39]} 18. Be3 {[%clk 0:08:40]} Qd6
{[%clk 0:16:09]} 19. axb6 {[%clk 0:05:39]} cxb6 {[%clk 0:16:20]} 20. Qc1
{[%clk 0:02:52]} a5 {[%clk 0:11:58]} 21. Bxb6 {[%clk 0:01:57]} axb4
{[%clk 0:12:13]} 22. Bc5 {[%clk 0:01:59]} Qb8 {[%clk 0:11:13]} 23. cxb4
{[%clk 0:01:41]} Nxb4 {[%clk 0:11:18]} 24. Rxa8 {[%clk 0:01:13]} Qxa8
{[%clk 0:11:44]} 25. Bxb4 {[%clk 0:01:39]} Bxb3 {[%clk 0:12:06]} 26. Nxe5
{[%clk 0:01:54]} Bd5 {[%clk 0:11:04]} 27. Bc3 {[%clk 0:01:31]} Nf6
{[%clk 0:09:17]} 28. Nc4 {[%clk 0:01:04]} Qc6 {[%clk 0:07:18]} 29. Qb2
{[%clk 0:01:05]} Rc8 {[%clk 0:03:16]} 30. Bd4 {[%clk 0:01:05]} Rd8
{[%clk 0:02:08]} 31. Ne3 {[%clk 0:00:40]} Kh7 {[%clk 0:00:47]} 32. Ng4
{[%clk 0:00:38]} Rd6 {[%clk 0:00:40]} 33. Be5 {[%clk 0:00:36]} Re6
{[%clk 0:00:50]} 34. Rc1 {[%clk 0:00:46]} Qb6 {[%clk 0:00:47]} 35. Qxb6
{[%clk 0:00:35]} Rxb6 {[%clk 0:01:14]} 36. Ne3 {[%clk 0:00:39]} Be6
{[%clk 0:01:23]} 37. d4 {[%clk 0:00:49]} Nd5 {[%clk 0:01:05]} 38. Nc4
{[%clk 0:00:34]} Rc6 {[%clk 0:01:21]} 39. Bxg7 {[%clk 0:00:58]} Kxg7
{[%clk 0:01:47]} 40. Ra1 {[%clk 0:00:38]} Nb4 {[%clk 0:01:50]} 41. Ne3
{[%clk 0:00:38]} Rd6 {[%clk 0:01:45]} 42. Rd1 {[%clk 0:00:46]} f5
{[%clk 0:01:23]} 43. g3 {[%clk 0:00:36]} g5 {[%clk 0:01:12]} 44. d5
{[%clk 0:00:54]} Bd7 {[%clk 0:00:39]} 45. Rb1 {[%clk 0:00:39]} Rb6
{[%clk 0:00:37]} 46. Nc4 {[%clk 0:00:44]} Rb8 {[%clk 0:01:00]} 47. Ne5
{[%clk 0:00:51]} Ba4 {[%clk 0:01:13]} 48. Ra1 {[%clk 0:00:33]} Kf6
{[%clk 0:01:08]} 49. f4 {[%clk 0:00:42]} Be8 {[%clk 0:00:43]} 50. d6
{[%clk 0:00:38]} Rd8 {[%clk 0:00:37]} 51. Rd1 {[%clk 0:00:37]} gxf4
{[%clk 0:00:39]} 52. gxf4 {[%clk 0:00:56]} Bd7 {[%clk 0:00:51]} 53. Bc4
{[%clk 0:00:57]} Be6 {[%clk 0:00:55]} 54. Kf2 {[%clk 0:00:38]} Bxc4
{[%clk 0:00:36]} 55. Nxc4 {[%clk 0:01:04]} Nc6 {[%clk 0:00:59]} 56. d7
{[%clk 0:00:34]} Ke7 {[%clk 0:01:08]} 57. Nb6 {[%clk 0:00:42]} Nb8
{[%clk 0:01:07]} 58. Nc8+ {[%clk 0:00:43]} Kf8 {[%clk 0:01:00]} 59. Nb6
{[%clk 0:00:48]} Ke7 {[%clk 0:01:21]} 60. Kg3 {[%clk 0:00:43]} Rg8+
{[%clk 0:00:38]} 61. Kh4 {[%clk 0:01:10]} Nc6 {[%clk 0:00:46]} 62. Rc1
{[%clk 0:00:34]} Kd6 {[%clk 0:00:32]} 63. Nc8+ {[%clk 0:00:50]} Kxd7
{[%clk 0:00:46]} 64. Rxc6 {[%clk 0:01:16]} Rg1 {[%clk 0:01:00]} 65. Rc4
{[%clk 0:01:24]} Rb1 {[%clk 0:01:11]} 66. Kh5 {[%clk 0:01:38]} Ke6
{[%clk 0:01:26]} 67. Rd4 {[%clk 0:01:57]} Kd5 1-0

[Event "Chelyabinsk"]
[Site "?"]
[Date "2019.01.15"]
[Round "4.8"]
[White "Kholopov, Alexander A."]
[Black "Nugumanov, Bakhtiyar"]
[Result "0-1"]
[BlackElo "2391"]
[WhiteElo "2211"]
[LiveChessVersion "1.4.8"]

1. d4 {[%clk 1:30:59]} e6 {[%clk 1:30:32]} 2. c4 {[%clk 1:31:11]} f5
{[%clk 1:30:48]} 3. g3 {[%clk 1:31:36]} Nf6 {[%clk 1:31:10]} 4. Bg2
{[%clk 1:32:04]} c6 {[%clk 1:31:32]} 5. Nf3 {[%clk 1:32:30]} d5 {[%clk 1:31:52]}
6. O-O {[%clk 1:32:54]} Bd6 {[%clk 1:32:09]} 7. Nc3 {[%clk 1:32:46]} O-O
{[%clk 1:31:44]} 8. Qc2 {[%clk 1:33:04]} Ne4 {[%clk 1:30:20]} 9. Rb1
{[%clk 1:30:58]} Qe7 {[%clk 1:27:46]} 10. b4 {[%clk 1:14:19]} Nxc3
{[%clk 1:21:10]} 11. Qxc3 {[%clk 1:14:44]} Nd7 {[%clk 1:17:21]} 12. Bf4
{[%clk 1:12:19]} Bxf4 {[%clk 1:14:57]} 13. gxf4 {[%clk 1:12:44]} Nf6
{[%clk 1:14:49]} 14. Ne5 {[%clk 0:53:32]} Bd7 {[%clk 1:11:35]} 15. a4
{[%clk 0:43:19]} Be8 {[%clk 1:09:59]} 16. Rfc1 {[%clk 0:39:10]} a6
{[%clk 1:07:31]} 17. Qd3 {[%clk 0:33:07]} Ne4 {[%clk 1:00:09]} 18. f3
{[%clk 0:28:53]} Nf6 {[%clk 1:00:11]} 19. Kh1 {[%clk 0:25:53]} Kh8
{[%clk 0:57:33]} 20. Rg1 {[%clk 0:24:39]} Nh5 {[%clk 0:51:52]} 21. e3
{[%clk 0:24:47]} Qh4 {[%clk 0:48:54]} 22. Bf1 {[%clk 0:24:49]} Rf6
{[%clk 0:46:15]} 23. Rb2 {[%clk 0:23:02]} Rh6 {[%clk 0:45:24]} 24. Rbg2
{[%clk 0:21:40]} Ng3+ {[%clk 0:45:24]} 0-1